Τοπική ανάπτυξη και προγράμματα ενίσχυσης μικρομεσαίων επιχειρήσεων : αξιολόγηση της αποτελεσματικότητας ιδιωτικών επενδύσεων στην περιφέρεια βορείου Αιγαίου : μεταπτυχιακή διατριβή
Αποθηκεύτηκε σε:
| Κύριος συγγραφέας: | |
|---|---|
| Συγγραφή απο Οργανισμό/Αρχή: | |
| Άλλοι συγγραφείς: | |
| Μορφή: | Thesis Βιβλίο |
| Γλώσσα: | Greek |
| Δημοσίευση: |
2013
|
| Θέματα: | |
| Διαθέσιμο Online: | http://hdl.handle.net/11610/11218 |
| Ετικέτες: |
Προσθήκη ετικέτας
Δεν υπάρχουν, Καταχωρήστε ετικέτα πρώτοι!
|
MARC
| LEADER | 00000cam a2200000 i 4500 | ||
|---|---|---|---|
| 001 | 1/55192 | ||
| 008 | 140908s2013 gre d | ||
| 035 | |l 10118966 | ||
| 040 | |a GR-MY-UA |b gre |e aacr | ||
| 041 | 0 | |a gre | |
| 082 | 0 | |a 338.7 |2 (22) | |
| 100 | 1 | |a Κλώνης, Παναγιώτης. | |
| 245 | 1 | 0 | |a Τοπική ανάπτυξη και προγράμματα ενίσχυσης μικρομεσαίων επιχειρήσεων : |b αξιολόγηση της αποτελεσματικότητας ιδιωτικών επενδύσεων στην περιφέρεια βορείου Αιγαίου : μεταπτυχιακή διατριβή / |c Κλώνης Παναγιώτης ; επιβλέπων: Κίζος Αθανάσιος |
| 260 | |c 2013 | ||
| 300 | |a 72 σ.; |c 30 εκ. | ||
| 502 | |a Διατριβή (μεταπτυχιακή) – Πανεπιστήμιο Αιγαίου, Λέσβος, 2013. | ||
| 504 | |a Βιβλιογραφία: σ. 64-66, παράρτημα | ||
| 650 | 0 | |a Sustainable development |z Greece |z Lesbos (Municipality) | |
| 650 | 0 | |a Sustainable development |z Greece |z Samos (Municipality) | |
| 650 | 0 | |a Sustainable development |z Greece |z Limnos (Municipality) | |
| 650 | 0 | |a Sustainable development |z Greece |z Ikaria (Municipality) | |
| 650 | 0 | |a Business enterprises |z Greece |z Lesbos (Municipality) | |
| 650 | 0 | |a Business enterprises |z Greece |z Samos (Municipality) | |
| 650 | 0 | |a Business enterprises |z Greece |z Limnos (Municipality) | |
| 650 | 0 | |a Business enterprises |z Greece |z Ikaria (Municipality) | |
| 650 | 0 | |a Dissertations, Academic |z Greece. | |
| 700 | 1 | |4 trl |a Κίζος, Αθανάσιος. | |
| 710 | 2 | |a Πανεπιστήμιο Αιγαίου |b Σχολή Κοινωνικών Επιστημών |b Τμήμα Γεωγραφίας |b Μεταπτυχιακό Πρόγραμμα Σπουδών Γεωγραφία και Εφαρμοσμένη Γεωπληροφορική. | |
| 852 | |a INST |b LESVOS |c DIATR |e 20140908 |h 237 |p 005100055576 |q 005100055576 |t MTXE |y 23 | ||
| 852 | |a INST |b LESVOS |c DIATR |e 20140908 |h 238 |p 005100055577 |q 005100055577 |t MTXE |y 23 | ||
| 856 | |u http://hdl.handle.net/11610/11218 | ||
| 901 | |a BIBL1-2014-3 | ||
| 909 | |a Λ |b 190599 | ||
| 909 | |a Λ |b 190598 | ||
| 924 | |a ΚΛΩΝΗΣ |b ΠΑΝΑΓΙΩΤΗΣ |y ΛΕΣΒΟΣ |z 2012-05 | ||
| 970 | |a ΤΖΑΦΕΡΗ |b ΕΥΑΓΓΕΛΙΑ |z 2014/09/08 | ||